000 00250nam a2200109 4500
082 _a629.83NAQ
100 _aNaqvi, Nasreen
245 _aControl Systems Engineering
260 _aKarachi:
_bRoyal Book Company,
_c1994.
300 _a348p. ;
942 _cBK
999 _c9444
_d9444